[Event "AUTO-OPEN-1417"]
[Site "http://www.queenalice.com/game.php?id=529059"]
[Date "2009.1.25"]
[Round "1"]
[White "jsteffi1"]
[Black "lifelessons"]
[Result "1-0"]
[WhiteElo "2134"]
[BlackElo "1824"]

1. e4 e5 2. Nf3 Nc6 3. Bb5 d6 4. d4 Bd7 5. O-O Nf6 6. d5 Nb8 7. Bxd7+ Nbxd7 8.
Qe2 Be7 9. c4 O-O 10. Nc3 a6 11. h3 c6 12. Rd1 Nc5 13. b4 Ncd7 14. a3 b5 15.
dxc6 Nb6 16. cxb5 axb5 17. Nxb5 Qc8 18. Qc2 Rd8 19. Be3 Na4 20. c7 Rd7 21. Rac1
Ne8 22. Na7 Rxa7 23. Bxa7 Rxc7 24. Qd2 Rxc1 25. Rxc1 Qa6 26. Be3 Nb6 27. Rc6 Qb7
28. Rxb6 Qc7 29. Qc1 Qd7 30. Qc6 Qd8 31. a4 g5 32. a5 h5 33. Rb7 g4 34. hxg4
hxg4 35. Ne1 Kg7 36. a6 g3 37. f3 Nf6 38. Qc7 Qh8 39. Kf1 Ng8 40. a7 d5 41. a8=Q
Qh1+ 42. Bg1 dxe4 43. Qxe5+ Nf6 44. Qxg3+ Kh7 45. Rxe7 1-0

[Event "AUTO-MASTER-722"]
[Site "http://www.queenalice.com/game.php?id=529297"]
[Date "2009.1.25"]
[Round "1"]
[White "jsteffi1"]
[Black "Alexandrovinsk"]
[Result "1/2-1/2"]
[WhiteElo "2112"]
[BlackElo "2110"]

1. d4 Nf6 2. Nf3 e6 3. Bg5 Be7 4. Nbd2 d5 5. e3 O-O 6. Bd3 Nbd7 7. O-O c5 8. c3
b6 9. Rc1 Qc7 10. Bf4 Bd6 11. Bxd6 Qxd6 12. h3 Bb7 13. Re1 cxd4 14. exd4 Rfe8
15. Ne5 a5 16. f4 Ba6 17. Bb1 g6 18. Ndf3 Nh5 19. Qd2 f6 20. Nxd7 Qxd7 21. g4
Ng7 22. Rcd1 Re7 23. Bd3 Bxd3 24. Qxd3 Rae8 25. Re2 Qc7 26. Qd2 Qc4 27. b3 Qb5
28. Kg2 Kf7 29. Rde1 Qa6 30. Re3 Qb5 31. Qe2 1/2-1/2

[Event "AUTO-MASTER-722"]
[Site "http://www.queenalice.com/game.php?id=529308"]
[Date "2009.1.25"]
[Round "1"]
[White "Possible43"]
[Black "jsteffi1"]
[Result "0-1"]
[WhiteElo "1989"]
[BlackElo "2118"]

1. e4 e6 2. d3 d5 3. Nd2 c6 4. g3 Bd6 5. Bg2 Nd7 6. Ne2 Ne7 7. O-O O-O 8. f4 f5
9. e5 Bc5+ 10. d4 Bb6 11. c3 c5 12. Nf3 cxd4 13. Nexd4 h6 14. Be3 Nc5 15. Nd2
Bd7 16. Nc2 Bb5 17. Re1 Nd3 18. Bxb6 Qxb6+ 19. Ne3 Nxe1 20. Qxe1 Rac8 21. a4 Bd3
22. Qf2 Nc6 23. b4 a6 24. a5 Qa7 25. Ndf1 b6 26. axb6 Qxb6 27. Qd2 Bb5 28. Kh1
Rfd8 29. h3 d4 30. cxd4 Rxd4 31. Qb2 Rxb4 32. Qa2 Ne7 33. h4 Ra4 34. Qb2 Rxa1
35. Qxa1 Kf7 36. Nd1 Bxf1 37. Bxf1 Rc2 38. Qxa6 Qb3 39. Bd3 Rd2 40. Be2 Qxg3 0-1

[Event "AUTO-MASTER-722"]
[Site "http://www.queenalice.com/game.php?id=529309"]
[Date "2009.1.25"]
[Round "1"]
[White "jsteffi1"]
[Black "Possible43"]
[Result "0-1"]
[WhiteElo "2126"]
[BlackElo "1989"]

1. e4 e5 2. Nf3 f5 3. Nxe5 Qf6 4. d4 d6 5. Nc4 fxe4 6. Nc3 Qf7 7. Be3 Nf6 8. h3
Bf5 9. Na5 c6 10. Be2 d5 11. a3 Bd6 12. Qd2 b6 13. Nb3 Nbd7 14. Bf4 Bxf4 15.
Qxf4 Bg6 16. Nd1 O-O 17. O-O Qe7 18. Qh4 Rae8 19. Ne3 Kh8 20. c3 Ng8 21. Qxe7
Nxe7 22. Rad1 Bf7 23. Na1 Bg8 24. Nac2 c5 25. f3 Nf6 26. fxe4 Nxe4 27. Rxf8 Rxf8
28. Bf3 cxd4 29. Nxd4 Ng5 30. Bg4 g6 31. h4 Ne4 32. Bf3 Nf5 33. Ndxf5 gxf5 34.
Nxd5 Nc5 35. Nf4 Na4 36. Rd2 Re8 37. Kf2 Nc5 38. Rd4 Nb3 39. Rd7 a5 40. Bd5 Nc5
41. Bxg8 Nxd7 0-1

[Event "AUTO-MASTER-722"]
[Site "http://www.queenalice.com/game.php?id=529316"]
[Date "2009.1.25"]
[Round "1"]
[White "jsteffi1"]
[Black "Gagarin"]
[Result "1-0"]
[WhiteElo "2116"]
[BlackElo "2052"]

1. d4 Nf6 2. Nf3 g6 3. Bg5 Bg7 4. Nbd2 d5 5. e3 O-O 6. Bd3 Nc6 7. a3 Bg4 8. h3
Be6 9. O-O Qd7 10. b3 Rac8 11. c4 Nh5 12. Nh2 f5 13. Be2 Nf6 14. f4 Nd8 15. c5
Ne4 16. Nxe4 dxe4 17. Qc2 c6 18. Rfd1 Bd5 19. Nf1 Nf7 20. Bh4 1-0

[Event "AUTO-MASTER-722"]
[Site "http://www.queenalice.com/game.php?id=529317"]
[Date "2009.1.25"]
[Round "1"]
[White "Gagarin"]
[Black "jsteffi1"]
[Result "0-1"]
[WhiteElo "1992"]
[BlackElo "2148"]

1. e4 c6 2. c4 d5 3. exd5 cxd5 4. cxd5 Nf6 5. Bb5+ Bd7 6. Qb3 a6 7. Be2 Qc7 8.
Nc3 g6 9. Nf3 Bg7 10. d4 O-O 11. h3 b5 12. a3 Rd8 13. Bg5 Be8 14. Ne5 h6 15. Bh4
Qb6 16. Rd1 Kf8 17. O-O Qd6 18. Bg3 Qb6 19. Bf3 Ra7 20. Rfe1 a5 21. Nc4 Qa6 22.
Ne5 Qb6 23. Na4 Qa6 0-1

[Event "AUTO-MASTER-749"]
[Site "http://www.queenalice.com/game.php?id=546536"]
[Date "2009.2.25"]
[Round "1"]
[White "Aylton"]
[Black "jsteffi1"]
[Result "0-1"]
[WhiteElo "1987"]
[BlackElo "2126"]

1. d4 Nf6 2. c4 c6 3. Nc3 d5 4. e3 Bf5 5. Nf3 e6 6. a3 Nbd7 7. Bd3 Be7 8. Bxf5
exf5 9. cxd5 cxd5 10. O-O O-O 11. h3 Nb6 12. b4 Ne4 13. Bb2 Nc4 14. Qe2 Rc8 15.
Rfc1 a6 16. Rc2 b5 17. Rac1 Nxb2 18. Rxb2 Rxc3 19. Rxc3 Nxc3 20. Qd3 Ne4 21. Ne5
g6 22. f3 Nd6 23. Rc2 Nc4 24. e4 dxe4 25. fxe4 Nxe5 0-1

[Event "AUTO-MASTER-749"]
[Site "http://www.queenalice.com/game.php?id=546537"]
[Date "2009.2.25"]
[Round "1"]
[White "jsteffi1"]
[Black "Aylton"]
[Result "1-0"]
[WhiteElo "2137"]
[BlackElo "2020"]

1. e4 e5 2. Nf3 Nc6 3. Bb5 a6 4. Ba4 Nf6 5. Qe2 b5 6. Bb3 Be7 7. c3 d6 8. d4 Bb7
9. O-O O-O 10. Rd1 exd4 11. cxd4 Qc8 12. h3 h6 13. Nc3 Na5 14. Bc2 c5 15. e5
dxe5 16. dxe5 Nd7 17. Qd3 f5 18. Qxd7 Qxd7 19. Rxd7 Rae8 20. Nd5 Bxd5 21. Rxd5
Nc4 22. b3 Nb6 23. Rd1 Rc8 24. Bb2 c4 25. Bd4 Bd8 26. a4 bxa4 27. bxc4 Rxc4 28.
Bd3 Rc6 29. Bxa6 1-0

[Event "AUTO-MASTER-749"]
[Site "http://www.queenalice.com/game.php?id=546550"]
[Date "2009.2.25"]
[Round "1"]
[White "donkiko"]
[Black "jsteffi1"]
[Result "1-0"]
[WhiteElo "2041"]
[BlackElo "2147"]

1. c4 Nf6 2. Nc3 d5 3. cxd5 Nxd5 4. e4 Nb6 5. d4 g6 6. Be3 Bg7 7. Bb5+ c6 8. Ba4
O-O 9. h3 Nc4 10. e5 Nxb2 11. Qc2 Nxa4 12. Qxa4 Bf5 13. Nge2 Nd7 14. g4 Bd3 15.
Kd2 Ba6 16. Qc2 Nxe5 17. Kd1 Nc4 18. Ke1 1-0

[Event "AUTO-MASTER-749"]
[Site "http://www.queenalice.com/game.php?id=546551"]
[Date "2009.2.25"]
[Round "1"]
[White "jsteffi1"]
[Black "donkiko"]
[Result "0-1"]
[WhiteElo "2132"]
[BlackElo "2061"]

1. e4 c5 2. c4 Nc6 3. Nf3 e5 4. Nc3 d6 5. h3 Nf6 6. g3 Be6 7. d3 a6 8. Bg2 h6 9.
O-O Qd7 10. Kh2 g5 11. Ne1 Nd4 12. f4 exf4 13. gxf4 gxf4 14. Bxf4 O-O-O 15. a3
Nh7 16. Nd5 Bxd5 17. cxd5 Bg7 18. Rb1 Nb5 0-1

[Event "AUTO-MASTER-749"]
[Site "http://www.queenalice.com/game.php?id=546560"]
[Date "2009.2.25"]
[Round "1"]
[White "jsteffi1"]
[Black "enzoiazo"]
[Result "1/2-1/2"]
[WhiteElo "2145"]
[BlackElo "2257"]

1. e4 Nf6 2. Nc3 d5 3. exd5 Nxd5 4. Nxd5 Qxd5 5. Nf3 Nc6 6. Be2 Bf5 7. d3 e6 8.
Be3 Be7 9. O-O O-O 10. a3 Bf6 11. c3 Rad8 12. d4 Rfe8 13. Qa4 a6 14. b4 e5 15.
c4 Qe4 16. dxe5 Nxe5 17. Nxe5 Bxe5 18. Rad1 Qh4 19. g3 Qf6 20. Rxd8 Rxd8 21. Rd1
h6 22. Rxd8+ Qxd8 23. b5 Qe8 24. Qb4 Bd4 25. Qd2 Bxe3 26. Qxe3 Qxe3 27. fxe3 a5
28. Kf2 Kf8 29. Kf3 Ke7 30. e4 Be6 31. Ke3 b6 32. Kd4 f6 33. e5 g5 34. exf6+
1/2-1/2

[Event "AUTO-MASTER-749"]
[Site "http://www.queenalice.com/game.php?id=546561"]
[Date "2009.2.25"]
[Round "1"]
[White "enzoiazo"]
[Black "jsteffi1"]
[Result "1-0"]
[WhiteElo "2297"]
[BlackElo "2155"]

1. d4 Nf6 2. Nf3 d5 3. Bf4 Bf5 4. e3 c6 5. Bd3 e6 6. O-O Nbd7 7. Bxf5 exf5 8.
Qd3 Ne4 9. Nbd2 Be7 10. Ne5 O-O 11. f3 Nxd2 12. Qxd2 Nb6 13. b3 f6 14. Nd3 Re8
15. a4 a5 16. c3 Bf8 17. Qf2 Qd7 18. Rae1 Nc8 19. c4 b5 20. c5 Ne7 21. axb5 cxb5
22. Ra1 Nc6 23. Ra3 Qe6 24. Qg3 Ra7 25. Rfa1 g5 26. h4 h6 27. Re1 Bg7 28. Bd6
Rea8 29. h5 Qe8 30. Qh2 Nb4 31. Nxb4 axb4 32. Rxa7 Rxa7 33. g3 Ra3 34. Qc2 f4
35. c6 fxg3 36. c7 Ra8 37. Qf5 Qc6 38. Bxg3 1-0